HUMAN ANATOMY REGIONAL AND APPLIED VOL I (Record no. 265791)

MARC details
000 -LEADER
fixed length control field 00354pam a2200145a 44500
008 - FIXED-LENGTH DATA ELEMENTS--GENERAL INFORMATION
fixed length control field 230405s xxu||||| |||| 00| 0 eng d
041 ## - LANGUAGE CODE
Language code of text/sound track or separate title ENG
100 ## - MAIN ENTRY--PERSONAL NAME
Personal name CHURASIA B D
245 ## - TITLE STATEMENT
Title HUMAN ANATOMY REGIONAL AND APPLIED VOL I
250 ## - EDITION STATEMENT
Edition statement 3 1998
260 ## - PUBLICATION, DISTRIBUTION, ETC.
Place of publication, distribution, etc. NEW DELHI
Name of publisher, distributor, etc. CBS PUBLISHERS DELHI
Date of publication, distribution, etc.
300 ## - PHYSICAL DESCRIPTION
Extent 252
650 ## - SUBJECT ADDED ENTRY--TOPICAL TERM
Topical term or geographic name entry element PHARMACOLOGY
906 ## - LOCAL DATA ELEMENT F, LDF (RLIN)
a 352
Holdings
Withdrawn status Lost status Damaged status Not for loan Collection Home library Current library Date acquired Source of acquisition Cost, normal purchase price Total Checkouts Full call number Barcode Date last seen Price effective from Koha item type
          College of Pharmacy, Kolhapur College of Pharmacy, Kolhapur 14/04/2023 S K KOTHARI 150.00   611.19 PCK-902 14/04/2023 14/04/2023 Book